000 01073nam a2200289 a 4500
001 24744
003 CO-ViMGA
008 141112s2004 ck r 000 u spa d
015 _aNNN
020 _a8498350174
040 _aCO-ViMGA
_bspa
_cCO-ViMGA
041 _aspa
082 0 4 _a616.12 I57 2007 21
245 1 0 _aInsuficiencia cardíaca datos para el debate /
_ccoordinadores Eduardo de Teresa Galván y Manuel Anguita Sánchez
250 _a2a ed.
260 _aMadrid,
_cEspaña ; Bogotá Editorial Médica PanAméricana c2006.
300 _a346 p. ilustraciones, diagramas, gráficas y tablas 24 cm.
504 _aIncluye referencias bibliográficas e índice.
505 _aincluye referencias bibliográficas e índice
541 _36.000; 1 c.
596 _a2
650 1 4 _aInsuficiencia cardíaca - tratamiento
_929609
700 1 _aAnguita Sánchez, Manuel
_936944
700 1 _aTeresa Galván, E. de
_936945
926 _aB - GENERAL COLEC - GRAL 616.12 I57 2007 LIBRO 1
942 _2ddc
_cBK
999 _c32547
_d32547